Fruits & Vegetables That Are Purple - Statistics

General Stats
  • This quiz has been taken 51 times
  • The average score is 9 of 15
Answer Stats
Picture Answer % Correct
Purple Grapes
98%
Blueberries
93%
Blackberries
87%
Eggplants
84%
Purple Carrots
82%
Plums
80%
Fig
78%
Cranberries (Technically)
71%
Purple Olives
60%
Prunes
53%
Purple Potatoes
42%
Elderberries
33%
Passion Fruit
11%
Bilberries
7%
Chokeberries
2%
No matching quizzes found
Score Distribution
Percent of People with Each Score
Percentile by Number Answered
Your Score History
You have not taken this quiz